000 005580000a22001570004500
003 MACL
005 20170202122159.0
008 170202b xxu||||| |||| 00| 0 eng d
040 _aMACL
_cMACL
100 _aठाकुर डॉ डी के
_966741
245 _aकिशोरावस्‍था समस्‍या एवं समाधान
260 _bविमल बुक सेन्‍टर ̜
_c2009
_aजयपुर
350 _a175
650 _aग्रह व्‍यवस्‍था
_966742
942 _cHIN
_k640/THA
_2ddc
999 _c42763
_d42763